Ономастикон как объект метаязыковой рефлексии в постмодернистских текстах (на материале ассоциативного эксперимента); Коммуникативные аспекты языка и культуры; Ч. 4

書目詳細資料
Parent link:Коммуникативные аспекты языка и культуры: сборник материалов X Международной научно-практической конференции студентов и молодых ученых, г. Томск, 12-14 мая 2010 г./ Национальный исследовательский Томский политехнический университет (ТПУ) ; под ред. С. А. Песоцкой.— , 2010
Ч. 4.— 2010.— [С. 198-201]
主要作者: Белоконева А. О. Анна Олеговна
其他作者: Резанова З. И. Зоя Ивановна (научный руководитель)
總結:Заглавие с экрана.
語言:俄语
出版: 2010
叢編:Аспекты лингвокультурологии, когнитологии
主題:
在線閱讀:http://www.lib.tpu.ru/fulltext/c/2010/C77/V4/001.pdf
格式: MixedMaterials 電子 Book Chapter
KOHA link:https://koha.lib.tpu.ru/cgi-bin/koha/opac-detail.pl?biblionumber=612150

MARC

LEADER 00000naa2a2200000 4500
001 612150
005 20260421100251.0
035 |a (RuTPU)RU\TPU\conf\10255 
035 |a RU\TPU\network\6099 
090 |a 612150 
100 |a 20150519d2010 k y0rusy50 ca 
101 0 |a rus 
102 |a RU 
135 |a drgn ---uucaa 
181 0 |a i  
182 0 |a b 
200 1 |a Ономастикон как объект метаязыковой рефлексии в постмодернистских текстах (на материале ассоциативного эксперимента)  |f А. О. Белоконева  |g науч. рук. З. И. Резанова 
203 |a Текст  |c электронный 
215 |a 1 файл (269 Кб) 
225 1 |a Аспекты лингвокультурологии, когнитологии 
300 |a Заглавие с экрана. 
320 |a [Библиогр.: с. 201 (3 назв.)] 
461 0 |0 (RuTPU)RU\TPU\conf\10166  |t Коммуникативные аспекты языка и культуры  |o сборник материалов X Международной научно-практической конференции студентов и молодых ученых, г. Томск, 12-14 мая 2010 г.  |o в 4 ч.  |f Национальный исследовательский Томский политехнический университет (ТПУ) ; под ред. С. А. Песоцкой  |d 2010 
463 1 |0 (RuTPU)RU\TPU\conf\10170  |t Ч. 4  |v [С. 198-201]  |d 2010 
610 1 |a электронный ресурс 
610 1 |a труды учёных ТПУ 
610 1 |a метаязыковое сознание 
610 1 |a рефлексия 
610 1 |a постмодернизм 
610 1 |a ономастическая лексика 
610 1 |a лингвистика 
700 1 |a Белоконева  |b А. О.  |c лингвист  |c преподаватель Томского политехнического университета, эксперт  |f 1985-  |g Анна Олеговна  |3 (RuTPU)RU\TPU\pers\30744 
702 1 |a Резанова  |b З. И.  |c профессор  |c кафедра русского языка и литературы Томского политехнического университета  |g Зоя Ивановна  |4 727 
801 2 |a RU  |b 63413507  |c 20150613  |g RCR 
856 4 |u http://www.lib.tpu.ru/fulltext/c/2010/C77/V4/001.pdf 
942 |c BK